000
00334nam a2200133Ia 4500
008
231017s9999 xx 000 0 und d
082
_a
363.2871TAY
082
_b
TAY
245
0
_a
NCHRP Report 525: Guidelines for Transportation Emergency Training Experiences
245
0
_c
TRB
260
_b
TRB
300
_c
30cm
942
_c
REP
999
_c
603728
_d
603728